| 000 | 00499nam a22001937a 4500 | ||
|---|---|---|---|
| 999 |
_c30931 _d30930 |
||
| 003 | OSt | ||
| 005 | 20181002080320.0 | ||
| 008 | 181002b ||||| |||| 00| 0 eng d | ||
| 040 |
_aMMU _beng _cMMU _dMMU |
||
| 050 | _aLB5291.M36 2000 | ||
| 100 | _aGichochi P.K | ||
| 245 |
_aManagement of Resources/ _cP.K Gichochi..(et...al..) |
||
| 260 |
_aKenya _bMoES and T _c2000. |
||
| 300 | _aVI,107P.; | ||
| 500 | _aInclude;refrence | ||
| 600 | _2Management | ||
| 700 | _aA.Hilsum | ||
| 942 |
_2lcc _cFICTION |
||